Name The Random Object #3 - Statistics

General Stats
  • This quiz has been taken 49 times
  • The average score is 15 of 16
Answer Stats
Picture Answer % Correct
Basketball
98%
Fork
98%
Apple
96%
Baby
96%
Beach
96%
Bed
96%
Camel
96%
House
96%
Popcorn
96%
Giraffe
94%
Penguin
92%
Statue
92%
Trampoline
90%
Candy
88%
Sink
88%
Snow
85%
No matching quizzes found
Score Distribution
Percent of People with Each Score
Percentile by Number Answered
Your Score History
You have not taken this quiz